Efektívnosť vývozu hmotných kultúrnych predmetov zo Slovenskej socialistickej republiky kandidátska dizertačná práca
Salvato in:
| Autore principale: | |
|---|---|
| Ente Autore: | |
| Altri autori: | |
| Natura: | Libro |
| Lingua: | slovacco |
| Pubblicazione: |
Bratislava
1988
|
| Soggetti: | |
| Tags: |
Nessun Tag, puoi essere il primo ad aggiungerne!!
|
MARC
| LEADER | 00000nam a2200000 4500 | ||
|---|---|---|---|
| 001 | c002700 | ||
| 005 | 20230116095011.5 | ||
| 041 | 0 | |a slo | |
| 044 | |a SK | ||
| 245 | 1 | 0 | |a Efektívnosť vývozu hmotných kultúrnych predmetov zo Slovenskej socialistickej republiky |b kandidátska dizertačná práca |c Eva Mikulášová ; Škol. Ľubomír Michník |
| 264 | 1 | |a Bratislava |c 1988 | |
| 300 | |a 148 s. | ||
| 610 | 2 | 0 | |a vývoz |
| 610 | 2 | 0 | |a obchod zahraničný |
| 610 | 2 | 0 | |a ČSSR |
| 610 | 2 | 0 | |a kultúra |
| 610 | 2 | 0 | |a statky kultúrne |
| 610 | 2 | 0 | |a Slovensko |
| 100 | 1 | |a Mikulášová, Eva | |
| 700 | 1 | |a Michník, Ľubomír | |
| 710 | 2 | |a Vysoká škola ekonomická v Bratislave | |